Size at sexual maturity in the queen conch Strombus Gigas from Colombia (Registro nro. 16229)

Detalles MARC
000 -CABECERA
Campo de control 006090000a22001930004500
090 ## - CLASIFICACIÓN LOCAL
Colección AS
Consecutivo SERIADAS
041 0# - IDIOMA
Código de idioma para texto/pista de sonido o título separado
044 ## - PAÍS DE PUBLICACIÓN
País de publicación
100 1# - ASIENTO PRINCIPAL--NOMBRE PERSONAL
Nombre personal Avila Poveda, Omar Hernando
245 10 - MENCION DE TITULO
Título Size at sexual maturity in the queen conch Strombus Gigas from Colombia
653 ## - TERMINO DE INDIZACION - NO CONTROLADO
-- Strombus gigas
653 ## - TERMINO DE INDIZACION - NO CONTROLADO
-- Biemna cribaria
700 1# - ASIENTO SECUNDARIO - NOMBRE PERSONAL
Nombre personal Baqueiro Cárdenas, Erick Raúl
773 1# - Item fuente:
Título Boletín de Investigaciones Marinas y Costeras
Paginas del Articulo 223-233
Lugar, editorial y fecha de publicación 2006
Información sobre la relación 35
942 ## - ELEMENTOS ADICIONALES (KOHA)
Tipo de ítem Artículo

No hay ítems disponibles.